| 000 | 00573nam a2200205 4500 | ||
|---|---|---|---|
| 003 | IIN | ||
| 005 | 20250409151444.0 | ||
| 008 | 250409b |||ad||| |||| 001 0 eng d | ||
| 020 |
_a9789393885883 _c895.00 |
||
| 040 | _aIIN | ||
| 082 |
_a580 _bADH |
||
| 100 | _aAdhikari, Uma Rani | ||
| 245 |
_aTextbook of Microbiology, Infection Control & Safety _bfor BSc. Nursing III Semester _cUma Rani Adhikari |
||
| 260 |
_aBangalore _bEMMESS _c2024 |
||
| 300 |
_ax, 316 p. _bcol. ill. |
||
| 500 | _aIncluding Index | ||
| 650 | _aMicrobiology | ||
| 650 | _aInfection | ||
| 942 | _cBOOK | ||
| 999 |
_c1742 _d1742 |
||